Statistics for Railway Stations in Cornwall (UK)

Click here to take the quiz!

General Stats

  • This quiz has been taken 16 times
  • The average score is 31 of 36

Answer Stats

Answer% Correct
Falmouth Docks
100%
Looe
100%
Redruth
100%
St Austell
100%
St Erth
100%
St Ives
100%
Truro
100%
Bodmin Parkway
93%
Camborne
93%
Falmouth Town
93%
Liskeard
93%
Lostwithiel
93%
Newquay
93%
Penryn
93%
Saltash
93%
Bugle
87%
Carbis Bay
87%
Hayle
87%
Luxulyan
87%
Menheniot
87%
Par
87%
Penzance
87%
Lelant
80%
Perranwell
80%
Quintrell Downs
80%
Roche
80%
St Columb Road
80%
St Germans
80%
St Keyne Wishing Well Halt
80%
Calstock
73%
Causeland
73%
Coombe Junction Halt
73%
Gunnislake
73%
Lelant Saltings
73%
Penmere
73%
Sandplace
73%

Score Distribution

Percentile by Number Answered

Percent of People with Each Score

Your Score History

You have not taken this quiz